Исследование структуры ароматических солей диазония методом РСА; Функциональные материалы: разработка, исследование, применение

Dettagli Bibliografici
Parent link:Функциональные материалы: разработка, исследование, применение.— 2018.— [С. 32]
Autore principale: Мухтар Р. Н.
Ente Autore: Павлодарский государственный университет им. С. Торайгырова (ПГУ)
Altri autori: Касанова А. Ж. (научный руководитель)
Riassunto:Заглавие с экрана
Lingua:russo
Pubblicazione: 2018
Serie:Методы исследования и изготовления функциональных материалов
Soggetti:
Accesso online:http://earchive.tpu.ru/handle/11683/50382
Natura: MixedMaterials Elettronico Capitolo di libro
KOHA link:https://koha.lib.tpu.ru/cgi-bin/koha/opac-detail.pl?biblionumber=627298

MARC

LEADER 00000naa2a2200000 4500
001 627298
005 20231101133444.0
035 |a (RuTPU)RU\TPU\conf\27076 
035 |a RU\TPU\conf\27072 
090 |a 627298 
100 |a 20180828d2018 k y0rusy50 ca 
101 0 |a rus 
102 |a RU 
105 |a y z 101zy 
135 |a drgn ---uucaa 
181 0 |a i  
182 0 |a b 
200 1 |a Исследование структуры ароматических солей диазония методом РСА  |f Р. Н. Мухтар  |g науч. рук. А. Ж. Касанова 
203 |a Текст  |c электронный 
225 1 |a Методы исследования и изготовления функциональных материалов 
230 |a 1 компьютерный файл (pdf; 205 Kb) 
300 |a Заглавие с экрана 
320 |a [Библиогр.: с. 32 (3 назв.)] 
463 0 |0 (RuTPU)RU\TPU\conf\26927  |t Функциональные материалы: разработка, исследование, применение  |o сборник тезисов докладов V Всероссийского конкурса научных докладов студентов, г. Томск, г. Тамбов, 22-23 мая 2018 г.  |f Национальный исследовательский Томский политехнический университет (ТПУ) ; Национальный исследовательский Томский государственный университет (ТГУ) ; Тамбовский государственный университет имени Г. Р. Державина ; ред. кол. А. Ю. Годымчук, Н. И. Каракчеева, А. А. Гусев  |v [С. 32]  |d 2018 
610 1 |a электронный ресурс 
610 1 |a структуры 
610 1 |a ароматические соли 
610 1 |a соли диазония 
610 1 |a рентгено-структурный анализ 
700 1 |a Мухтар  |b Р. Н. 
702 1 |a Касанова  |b А. Ж.  |4 727 
712 0 2 |a Павлодарский государственный университет им. С. Торайгырова (ПГУ)  |c (Павлодар, Казахстан)  |c (1996- )  |2 stltpush  |3 (RuTPU)RU\TPU\col\11557 
801 2 |a RU  |b 63413507  |c 20180904  |g RCR 
856 4 |u http://earchive.tpu.ru/handle/11683/50382 
942 |c BK